<?xml version='1.0' encoding='UTF-8'?>
  <record xmlns="http://www.loc.gov/MARC21/slim">
    <leader>00000ctm a22000007i 4500</leader>
    <controlfield tag="001">ocn965419836</controlfield>
    <controlfield tag="003">OCoLC</controlfield>
    <controlfield tag="005">20250522035712.9</controlfield>
    <controlfield tag="008">091127q12001225xx            000 0 lat d</controlfield>
    <datafield tag="040" ind1=" " ind2=" ">
      <subfield code="a">QGJ</subfield>
      <subfield code="b">dut</subfield>
      <subfield code="c">QGJ</subfield>
      <subfield code="d">OCLCL</subfield>
      <subfield code="d">OCLCQ</subfield>
    </datafield>
    <datafield tag="035" ind1=" " ind2=" ">
      <subfield code="a">(OCoLC)965419836</subfield>
    </datafield>
    <datafield tag="130" ind1="0" ind2=" ">
      <subfield code="a">Bijbel</subfield>
      <subfield code="l">Latijn.</subfield>
    </datafield>
    <datafield tag="245" ind1="1" ind2="0">
      <subfield code="a">Biblia: Vetus et Novum Testamentum /</subfield>
      <subfield code="c">Latine e versione Hieronymi ; accedunt interpretationes hebraicorum nominum et Kalendarium.</subfield>
      <subfield code="f">UBU Hs. 29.</subfield>
    </datafield>
    <datafield tag="260" ind1=" " ind2=" ">
      <subfield code="a">Le Mans,</subfield>
      <subfield code="c">[ca. 1200-1225]</subfield>
    </datafield>
    <datafield tag="300" ind1=" " ind2=" ">
      <subfield code="a">261 fol. :</subfield>
      <subfield code="b">ill. ;</subfield>
      <subfield code="c">250 x 184 (162/165 x 118/125) mm</subfield>
    </datafield>
    <datafield tag="336" ind1=" " ind2=" ">
      <subfield code="a">text</subfield>
      <subfield code="b">txt</subfield>
      <subfield code="2">rdacontent</subfield>
    </datafield>
    <datafield tag="337" ind1=" " ind2=" ">
      <subfield code="a">unmediated</subfield>
      <subfield code="b">n</subfield>
      <subfield code="2">rdamedia</subfield>
    </datafield>
    <datafield tag="338" ind1=" " ind2=" ">
      <subfield code="a">volume</subfield>
      <subfield code="b">nc</subfield>
      <subfield code="2">rdacarrier</subfield>
    </datafield>
    <datafield tag="340" ind1=" " ind2=" ">
      <subfield code="a">perkament</subfield>
      <subfield code="k">2 kol., 51/61 regels, textualis.</subfield>
    </datafield>
    <datafield tag="500" ind1=" " ind2=" ">
      <subfield code="a">Uit fol. 260v-261v blijkt dat het boek bestemd was voor het kapittel van de kathedraal van Saint-Julien in Le Mans.</subfield>
    </datafield>
    <datafield tag="524" ind1=" " ind2=" ">
      <subfield code="a">Te citeren als: Universiteitsbibliotheek Utrecht Hs. 29.</subfield>
    </datafield>
    <datafield tag="563" ind1=" " ind2=" ">
      <subfield code="a">Blindgestempelde 15e-eeuwse kalfsleren band met driedubbele filetlijnen langs de kanten van de platten en de diagonalen, versierd met in het Regulierenklooster gebruikelijke stempels.</subfield>
    </datafield>
    <datafield tag="500" ind1=" " ind2=" ">
      <subfield code="a">Illustrations: Gedecoreerde initialen, penwerkinitialen met penwerkversiering.</subfield>
    </datafield>
    <datafield tag="581" ind1=" " ind2=" ">
      <subfield code="a">[P.A. Tiele], Catalogus codicum manu scriptorum Bibliothecae Universitatis Rheno-Trajectinae. I. Trajecti ad Rhenum / Hagae Comitis 1887. p. 7.</subfield>
    </datafield>
    <datafield tag="581" ind1=" " ind2=" ">
      <subfield code="a">Moderne devotie. Figuren en facetten. Tent. cat. Nijmeegs Volkenkundig Museum 1984, ter herdenking van het sterfjaar van Geert Grote 1384-1984. Nijmegen 1984. p. 279.</subfield>
    </datafield>
    <datafield tag="581" ind1=" " ind2=" ">
      <subfield code="a">P.J.A. Nissen, 'Nogmaals de bijbel van de regulieren te Utrecht', in: Codex in context. Studies over codicologie, kartuizergeschiedenis en laatmiddeleeuws geestesleven, aangeboden aan Prof. Dr. A. Gruys. Uitgeg. door Chr. Backer, A.J. Geurts &amp; A.G. Weiler. Nijmegen/Grave 1985, p. 263-275. (= Nijmeegse codicologische cahiers 4-6).</subfield>
    </datafield>
    <datafield tag="581" ind1=" " ind2=" ">
      <subfield code="a">Handschriften en oude drukken van de Utrechtse Universiteitsbibliotheek. Catalogus bij de tentoonstelling in het Centraal Museum te Utrecht ter gelegenheid van het 400-jarig bestaan van de bibliotheek der Rijksuniversiteit, 1584-1984. Utrecht 1984. p. 56-58 nr. 14.</subfield>
    </datafield>
    <datafield tag="581" ind1=" " ind2=" ">
      <subfield code="a">M.P. van Buijtenen, De bijbel van de Regulieren te Utrecht: 15e-eeuws schisma in het licht van 13e-eeuws Frans handschrift. Utrecht 1984.</subfield>
    </datafield>
    <datafield tag="530" ind1=" " ind2=" ">
      <subfield code="a">Also available in online version.</subfield>
    </datafield>
    <datafield tag="655" ind1=" " ind2="7">
      <subfield code="a">Handschriften (vorm)</subfield>
      <subfield code="0">(NL-LeOCL)088143309.</subfield>
      <subfield code="2">gtt</subfield>
    </datafield>
    <datafield tag="700" ind1="0" ind2=" ">
      <subfield code="a">Hieronymus Stridonensis,</subfield>
      <subfield code="d">ca. 349-420.</subfield>
    </datafield>
    <datafield tag="700" ind1="1" ind2=" ">
      <subfield code="a">Uuten Enghe, Bernardus?-1452,</subfield>
      <subfield code="e">former owner.</subfield>
      <subfield code="4">fmo</subfield>
      <subfield code="5">NL-UtRU</subfield>
    </datafield>
    <datafield tag="710" ind1="2" ind2=" ">
      <subfield code="a">Cathédrale Saint-Julien (Le Mans)</subfield>
      <subfield code="e">former owner.</subfield>
      <subfield code="4">fmo</subfield>
      <subfield code="5">NL-UtRU</subfield>
    </datafield>
    <datafield tag="758" ind1=" " ind2=" ">
      <subfield code="a">UBU Hs. 29 Biblia: Vetus et Novum Testamentum (Text)</subfield>
      <subfield code="1">https://id.oclc.org/worldcat/entity/E39PCYhdjQBMW3c6H8RrPKYWJ8</subfield>
      <subfield code="4">https://id.oclc.org/worldcat/ontology/hasWork</subfield>
    </datafield>
    <datafield tag="776" ind1="0" ind2="8">
      <subfield code="i">Online version:</subfield>
      <subfield code="t">Biblia: Vetus et Novum Testamentum.</subfield>
      <subfield code="d">Le Mans, [ca. 1200-1225]</subfield>
    </datafield>
    <datafield tag="856" ind1="4" ind2="1">
      <subfield code="u">http://objects.library.uu.nl/reader/resolver.php?obj=002304308&amp;type=2</subfield>
      <subfield code="x">Online</subfield>
      <subfield code="z">Full Text</subfield>
    </datafield>
    <datafield tag="936" ind1=" " ind2=" ">
      <subfield code="a">BATCHLOAD</subfield>
    </datafield>
  </record>